living processes: (Record no. 8784)

MARC details
000 -LEADER
fixed length control field 00574nam a22002057a 4500
003 - CONTROL NUMBER IDENTIFIER
control field OSt
005 - DATE AND TIME OF LATEST TRANSACTION
control field 20240625102501.0
008 - FIXED-LENGTH DATA ELEMENTS--GENERAL INFORMATION
fixed length control field 240625b |||||||| |||| 00| 0 eng d
020 ## - INTERNATIONAL STANDARD BOOK NUMBER
International Standard Book Number 0749251565
040 ## - CATALOGING SOURCE
Transcribing agency must
082 ## - DEWEY DECIMAL CLASSIFICATION NUMBER
Classification number 576.5 LIV 2000
245 ## - TITLE STATEMENT
Title living processes:
Remainder of title process of heredity book 4/
Statement of responsibility, etc. edited by Steve Jones and Kay Taylor
260 ## - PUBLICATION, DISTRIBUTION, ETC. (IMPRINT)
Place of publication, distribution, etc. Uk:
Name of publisher, distributor, etc. the open university;
Date of publication, distribution, etc. 2000.
300 ## - PHYSICAL DESCRIPTION
Extent 256p.:
Other physical details col.ill;
Dimensions 27cm.
504 ## - BIBLIOGRAPHY, ETC. NOTE
Bibliography, etc includes index
600 ## - SUBJECT ADDED ENTRY--PERSONAL NAME
Source of heading or term Biology
700 ## - ADDED ENTRY--PERSONAL NAME
Personal name Jones, Steve
9 (RLIN) 17753
700 ## - ADDED ENTRY--PERSONAL NAME
Personal name Taylor, Kay
9 (RLIN) 17754
942 ## - ADDED ENTRY ELEMENTS (KOHA)
Source of classification or shelving scheme Other/Generic Classification Scheme
Koha item type Open Shelf
Holdings
Withdrawn status Lost status Source of classification or shelving scheme Damaged status Not for loan Home library Current library Date acquired Inventory number Total Checkouts Full call number Barcode Date last seen Price effective from Koha item type
    Other/Generic Classification Scheme     MUST Main Library MUST Main Library 25/06/2024 03/20544   576.5 LIV 2000 2024-21164 25/06/2024 25/06/2024 Open Shelf